Investigar mediante encuestas : fundamentos teóricos y aspectos prácticos /
Contiene: Introducción a la investigación social; La encuesta como técnica de investigación social; Selección de muestras; Selección del encuestado; Elaboración del cuestionario; La entrevista; Trabajo de campo; Introducción al tratamiento de datos; El informe de investigación; La calidad de la encu...
Furkejuvvon:
| Váldodahkki: | |
|---|---|
| Eará dahkkit: | , |
| Materiálatiipa: | Girji |
| Giella: | espánnjágiella |
| Almmustuhtton: |
Madrid, España :
Síntesis,
1998, c1998
|
| Ráidu: | (Psicología. Metodología de las Ciencias del Comportamiento ;
7) |
| Fáttát: | |
| Fáddágilkorat: |
Eai fáddágilkorat, Lasit vuosttaš fáddágilkora!
|
MARC
| LEADER | 00000nam^a2200000^a^4500 | ||
|---|---|---|---|
| 001 | 000141154 | ||
| 005 | 20250521000000.0 | ||
| 009 | 20260310095604.813 | ||
| 020 | |a 84-7738-598-X | ||
| 037 | |a Acervo ITESO - Biblioteca | ||
| 041 | |a ESP | ||
| 082 | |a 300. 1 |b ROJ | ||
| 100 | |a Rojas Tejada, Antonio J. |e (ed.) | ||
| 245 | 1 | 0 | |a Investigar mediante encuestas : |b fundamentos teóricos y aspectos prácticos / |c Ed. de A.J. Rojas Tejada, J.S. Fernández Prados, C. Pérez Meléndez. |
| 264 | 4 | |a Madrid, España : |b Síntesis, |c 1998, c1998 | |
| 300 | |a 221 p. | ||
| 336 | |a texto |b txt |2 rdacontenido | ||
| 337 | |a sin mediación |b n |2 rdamedio | ||
| 338 | |a volumen |b nc |2 rdasoporte | ||
| 440 | 1 | |a (Psicología. |p Metodología de las Ciencias del Comportamiento ; |v 7) | |
| 520 | |a Contiene: Introducción a la investigación social; La encuesta como técnica de investigación social; Selección de muestras; Selección del encuestado; Elaboración del cuestionario; La entrevista; Trabajo de campo; Introducción al tratamiento de datos; El informe de investigación; La calidad de la encuesta. | ||
| 649 | |a XX | ||
| 650 | |a Encuesta | ||
| 650 | |a Entrevista | ||
| 650 | |a Cuestionario | ||
| 650 | |a Metodología | ||
| 650 | |a Ciencias Sociales - |x Metodología | ||
| 650 | |a Ciencias Sociales - |x Investigación | ||
| 700 | |a Fernández Prados, Juan Sebastián |e (edición) | ||
| 700 | |a Pérez Meléndez, Cristino |e (edición) | ||
| 910 | |a Fondo General | ||
| 920 | |a Impresos - Libros | ||
| 930 | |a Colección General | ||
| 905 | |a 101 | ||
| 901 | |a 0500070065 |b IT1 |c ACC |u 20250521 | ||
| 902 | |a https://opac.biblio.iteso.mx/vufind/Record/000141154 | ||